| 000 | 00488nam a2200097Ia 4500 | ||
|---|---|---|---|
| 008 | 170517s9999 xx 000 0 und d | ||
| 245 | _aBirth in Nepal | ||
| 300 | _aNepal has some of the worst maternal death statistics in the world, with some six women dying in childbirth every day. Despite the political instability of the past ten years of civil war, the Nepalese government is introducing measures... | ||
| 650 | _xTechnology. | ||
| 856 | _uhttp://topdocumentaryfilms.com/birth-in-nepal/ | ||
| 999 |
_c335015 _d335015 |
||